[Event "Abu Dhabi Masters op"]
[Site "Abu Dhabi"]
[Date "1999.08.30"]
[Round "9"]
[White "Kaabi, Mejdi"]
[Black "Ali, Abdulkhaleq"]
[Result "1-0"]
[WhiteElo "2362"]
[BlackElo "2092"]

1.d4 Nf6 2.Nf3 e6 3.c4 b6 4.a3 Bb7 5.Nc3 d5 6.cxd5 exd5 7.Qa4+ c6 8.g3 Bd6
9.Bg2 Nbd7 10.O-O O-O 11.Nh4 c5 12.Nf5 Bc7 13.dxc5 bxc5 14.Qh4 Ne5 15.Bg5 Ng6
16.Bxf6 Qxf6 17.Qxf6 gxf6 18.Bxd5 Rab8 19.Rab1 Ba6 20.Ne3 Be5 21.Bc4 Bxc3
22.bxc3 Bxc4 23.Nxc4 Rfe8 24.Rxb8 Rxb8 25.Rd1 Rb3 26.Rd8+ Kg7 27.Ne3 Nf8
28.Nf5+ Kg8 29.c4 Rxa3 30.Rc8 Ra2 31.e3 a5 32.Rxc5 a4 33.Ra5 a3 34.g4 Rc2
35.Rxa3 Rxc4 36.Ra8 Rc7 37.Kg2 Rc5 38.e4 Rc4 39.f3 Rc3 40.h4 Rd3 41.Kg3 Rd7
42.Re8  1-0

[Event "JUG-chT playoff"]
[Site "Vrnjacka Banja"]
[Date "1999.09.01"]
[Round "4"]
[White "Atalik, Suat"]
[Black "Komarov, Dimitri"]
[Result "1/2-1/2"]
[WhiteElo "2598"]
[BlackElo "2582"]

1.d4 Nf6 2.c4 e6 3.Nf3 b6 4.a3 Bb7 5.Nc3 d5 6.cxd5 Nxd5 7.Qc2 Nxc3 8.Qxc3 Nd7
9.Bg5 Be7 10.Bxe7 Kxe7 11.g3 Nf6 12.Bg2 Qd6 13.O-O c5 14.dxc5 Qxc5 15.Qxc5+ bxc5
16.Ne5 Rab8 17.b4 Rhc8 18.Rfc1 Nd7 19.Nxd7 Kxd7 20.Bxb7 Rxb7 21.Rd1+ Ke7
22.Rdc1 Kd6 23.Rd1+ Ke7 24.Rdc1 Kd6 25.Rd1+  1/2-1/2

[Event "St Petersburg Cup"]
[Site "St Petersburg"]
[Date "1999.09.04"]
[Round "3"]
[White "Sakaev, Konstantin"]
[Black "Yemelin, Vasily"]
[Result "1/2-1/2"]
[WhiteElo "2648"]
[BlackElo "2500"]

1.d4 Nf6 2.c4 e6 3.Nf3 b6 4.a3 Ba6 5.Qc2 Bb7 6.Nc3 c5 7.dxc5 bxc5 8.Bf4 Nh5
9.Bg3 Be7 10.e3 O-O 11.Be2 Nc6 12.O-O-O f5 13.Bd6 Nf6 14.h3 Bxd6 15.Rxd6 Qb8
16.Rdd1 Ne5 17.Nxe5 Qxe5 18.Bf3  1/2-1/2

[Event "EU-ch U16"]
[Site "Litohoto"]
[Date "1999.09.09"]
[Round "7"]
[White "Dziuba, Marcin"]
[Black "Botvinnik, Mikhail2"]
[Result "1-0"]
[WhiteElo "2310"]
[BlackElo "2246"]

1.d4 Nf6 2.c4 e6 3.Nf3 b6 4.a3 Bb7 5.Nc3 g6 6.Qc2 Bg7 7.e4 O-O 8.Bd3 c5 9.d5 d6
10.h3 a6 11.a4 e5 12.Bg5 h6 13.Be3 Nh5 14.g3 Bc8 15.Qd2 Kh7 16.Be2 f5 17.exf5 gxf5
18.Nh4 Nf6 19.Qc2 Ng8 20.f4 exf4 21.Bxf4 Qf6 22.O-O Ne7 23.Bd3 Nd7 24.Rae1 Qd4+
25.Kg2 Ne5 26.Bxe5 Bxe5 27.Nf3 Rg8 28.Nxd4 Rxg3+ 29.Kf2 Rxh3 30.Nf3  1-0

[Event "Escaldes Tancat"]
[Site "Escaldes"]
[Date "1999.09.11"]
[Round "1"]
[White "Simonet Pons, Marc"]
[Black "Chabanon, Jean Luc"]
[Result "0-1"]
[WhiteElo "2262"]
[BlackElo "2456"]

1.d4 Nf6 2.c4 e6 3.Nf3 b6 4.a3 c5 5.d5 Ba6 6.Qc2 exd5 7.cxd5 g6 8.Nc3 Bg7
9.e4 Bxf1 10.Kxf1 d6 11.g3 O-O 12.Kg2 Re8 13.Re1 Nbd7 14.Bf4 Qb8 15.h3 b5
16.Rad1 a6 17.g4 Qb6 18.g5 Nh5 19.Be3 Qb7 20.Nh2 Rac8 21.Ng4 b4 22.Nb1 b3
23.Qc4 Bxb2 24.Rd3 Ne5 25.Nxe5 Bxe5 26.Rxb3 Qe7 27.h4 h6 28.Nd2 hxg5 29.hxg5 Bf4
30.Nf3 Qxe4 31.Qxe4 Rxe4 32.Bxf4 Nxf4+ 33.Kf1 Rxe1+ 34.Kxe1 Re8+ 35.Kf1 Nxd5
36.Rd3 Nf4 37.Rxd6 Rb8 38.Ke1 Rb3 39.Ne5 Rxa3 40.Rf6 Nd3+ 41.Nxd3 Rxd3 42.Rxa6 Kf8
43.Ke2 Rd5 44.f4 Ke7 45.Ke3 Rd6 46.Ra7+ Ke6 47.Rc7 Rd5 48.Ke4 Rf5 49.Rc6+ Kd7
50.Rb6 Kc7 51.Rb1 Kc6 52.Rc1 Kb5 53.Rb1+ Kc4 54.Rc1+ Kb4 55.Rb1+ Kc3 56.Rb5 Kc2
57.Ra5 Kb3 58.Rb5+ Kc3  0-1

[Event "Wch U20"]
[Site "Yerevan"]
[Date "1999.09.18"]
[Round "1"]
[White "Halkias, Stelios"]
[Black "Labollita, Martin"]
[Result "1-0"]
[WhiteElo "2406"]
[BlackElo "2199"]

1.d4 Nf6 2.c4 e6 3.Nf3 b6 4.a3 Ba6 5.Qc2 Bb7 6.Nc3 c5 7.e4 cxd4 8.Nxd4 Bc5
9.Nb3 Nc6 10.Bg5 Qb8 11.Rd1 Be7 12.Be2 O-O 13.Bh4 Rc8 14.Bg3 d6 15.O-O Ne5
16.Nd2 Nc6 17.f4 Nd4 18.Qd3 d5 19.f5 e5 20.Rde1 b5  1-0

[Event "World Cities-ch 2nd"]
[Site "Shenyang"]
[Date "1999.10.05"]
[Round "3"]
[White "Vladimirov, Evgeny"]
[Black "Xu Jun"]
[Result "1/2-1/2"]
[WhiteElo "2598"]
[BlackElo "2535"]

1.d4 Nf6 2.c4 e6 3.Nf3 b6 4.a3 Ba6 5.Qc2 c5 6.d5 exd5 7.cxd5 g6 8.Nc3 Bg7
9.g3 O-O 10.Bg2 d6 11.O-O b5 12.Re1 Re8 13.e4 Nbd7 14.Bf4 Qb6 15.h3 Bb7 16.Nd2 a6
17.Be3 Qc7 18.f4 Nb6 19.Bf2 Nfd7 20.Nf3 b4 21.Nb1 a5 22.Nbd2 Qd8 23.Bf1 Qc8
24.Bb5 Ba6 25.Bc6 Bb7 26.Bb5 Ba6 27.Bc6 Bb7  1/2-1/2

[Event "EU-ch U20 Girls"]
[Site "Patras"]
[Date "1999.10.07"]
[Round "3"]
[White "Nill, Jessica"]
[Black "Matnadze, Ana"]
[Result "0-1"]
[WhiteElo "2168"]
[BlackElo "2280"]

1.d4 Nf6 2.c4 e6 3.Nf3 b6 4.a3 Bb7 5.Nc3 g6 6.Bg5 Bg7 7.Qc2 O-O 8.e4 Qe8
9.Be2 d6 10.O-O h6 11.Be3 Nbd7 12.h3 Qe7 13.Rad1 a6 14.Rfe1 Rfd8 15.Bf1 c6
16.e5 Ne8 17.Bf4 Rac8 18.Ne4 dxe5 19.dxe5 c5 20.Rd2 Nb8 21.Nd6 Nxd6 22.exd6 Qf8
23.Qb3 Nd7 24.Qc3 Bxf3 25.Qxf3 Bd4 26.Qg3 e5 27.Be3 Nf6 28.Bxd4 exd4 29.Re7 Rc6
30.Bd3 Rcxd6 31.Ra7 Nh5 32.Qg4 a5 33.Re2 Nf6 34.Qg3 R6d7 35.Rxd7 Rxd7 36.Qf4 Kg7
37.h4 Re7 38.g4 Rxe2 39.Bxe2 Qe7 40.Kf1 Nd7 41.h5 Qh4 42.Ke1 gxh5 43.Qd6 Nf6
44.gxh5 Qxf2+ 45.Kd1 Qf5 46.Kc1 Ne4  0-1

[Event "World Cities-ch 2nd"]
[Site "Shenyang"]
[Date "1999.10.07"]
[Round "7"]
[White "Sharavdorj, Dashzeveg"]
[Black "Yu Shaoteng"]
[Result "0-1"]
[WhiteElo "2505"]
[BlackElo "2435"]

1.d4 e6 2.c4 Nf6 3.Nf3 b6 4.a3 Ba6 5.Qc2 c5 6.e4 cxd4 7.Nxd4 Nc6 8.Nxc6 dxc6
9.Nc3 Qc7 10.Be2 Bc5 11.O-O O-O 12.Kh1 Bd4 13.Bd2 Rad8 14.f4 e5 15.f5 Bb7
16.Bf3 Bxc3 17.Bxc3 c5 18.g4 Nd7 19.g5 f6 20.Rg1 Nb8 21.gxf6 Rxf6 22.Rg3 Nc6
23.Bg2 Rfd6 24.Rg1 R8d7 25.Qe2 Qd8 26.Qh5 Kh8 27.Be1 Rh6 28.Qe2 Nd4 29.Qf1 Rh4
30.f6 Rf4 31.fxg7+ Kg8 32.Qd3 Nf5 33.Qe2 Nxg3+ 34.Bxg3 Rd2  0-1

[Event "Tatry op"]
[Site "Tatranska Lomnica"]
[Date "1999.10.07"]
[Round "6"]
[White "Mosny, Jaroslav"]
[Black "Petrik, Stanislav"]
[Result "0-1"]
[WhiteElo "2107"]
[BlackElo "2263"]

1.d4 Nf6 2.Nf3 e6 3.c4 b6 4.a3 Ba6 5.e3 d5 6.b3 Be7 7.Bb2 Nbd7 8.Nbd2 Bb7
9.Bd3 O-O 10.O-O c5 11.Qe2 Rc8 12.Rac1 Rc7 13.Rc2 Qa8 14.Rfc1 Rfc8 15.Qf1 dxc4
16.Bxc4 cxd4 17.Nxd4 Nf8 18.Bd3 Rxc2 19.Rxc2 Rxc2 20.Bxc2 Qb8 21.N4f3 Qc7
22.Qc4 Qd6 23.Qd3 Qc5 24.Qc4 N8d7 25.Qxc5 Nxc5 26.Nd4 Kf8 27.f3 g6 28.Kf2 Nd5
29.Nc4 Nc7 30.Ne5  0-1

[Event "World Cities-ch 2nd"]
[Site "Shenyang"]
[Date "1999.10.08"]
[Round "9"]
[White "Vladimirov, Evgeny"]
[Black "Barus, Cerdas"]
[Result "1-0"]
[WhiteElo "2598"]
[BlackElo "2465"]

1.d4 Nf6 2.c4 e6 3.Nf3 b6 4.a3 Bb7 5.Nc3 d5 6.Qa4+ c6 7.cxd5 exd5 8.Bf4 Be7
9.e3 O-O 10.Be2 Nbd7 11.O-O Re8 12.Rfd1 Bf8 13.Rac1 h6 14.h3 a6 15.Qb3 b5
16.Qa2 a5 17.Ne5 b4 18.Nxd7 Nxd7 19.Na4 g6 20.Qb1 Rc8 21.Bg4 f5 22.Be2 Qf6
23.Bh2 h5 24.axb4 axb4 25.b3 Ra8 26.Qc2 Rec8 27.Qd2 Ra5 28.Rc2 Ba6 29.Rdc1 Bb5
30.Bxb5 Rxb5 31.Nb2 c5 32.dxc5 Rbxc5 33.Rxc5 Rxc5 34.Rxc5 Nxc5 35.Qxd5+ Qf7
36.Qc6 Nxb3 37.Bd6 Bg7 38.Nd3 Nd2 39.Bxb4 Qb3 40.Bxd2 Qxd3 41.Ba5 Qb1+ 42.Kh2 Qb8+
43.Bc7 Qc8 44.Qd5+ Kh7 45.Be5 Bxe5+ 46.Qxe5 Qd8 47.f3 Kh6 48.e4 fxe4 49.fxe4 Kh7
50.Qd5 Qf6 51.e5 Qf4+ 52.Kg1 Qe3+ 53.Kf1 g5 54.Qf7+ Kh6 55.Qf6+ Kh7 56.Qf5+ Kh6
57.Qf6+ Kh7 58.e6 Qd3+ 59.Ke1 Qe3+ 60.Kd1 Qd3+ 61.Kc1 Qe3+ 62.Kb2 Qb6+ 63.Kc3 Qc5+
64.Kd3 Qb5+ 65.Ke4 Qe2+ 66.Kd5 Qxg2+ 67.Kd6 Qd2+ 68.Ke7 Kg8 69.Qg6+ Kh8 70.Kf7  1-0

[Event "EUCup G6"]
[Site "Budapest"]
[Date "1999.10.12"]
[Round "2"]
[White "Atalik, Suat"]
[Black "Bistric, Faruk"]
[Result "1/2-1/2"]
[WhiteElo "2598"]
[BlackElo "2466"]

1.d4 Nf6 2.c4 e6 3.Nf3 b6 4.a3 Bb7 5.Nc3 Ne4 6.Nxe4 Bxe4 7.e3 Qf6 8.Ne5 Bd6
9.Qg4 Bb7 10.f4 h5 11.Qe2 c5 12.Bd2 Nc6 13.Qf2 Bxe5 14.dxe5 Qg6 15.Bc3 Ne7
16.O-O-O Be4 17.Rg1 a6 18.g4 hxg4 19.h3 g3 20.Rxg3 Qh7 21.Bg2 Rg8 22.Bf3 O-O-O
23.Rg5 Rh8 24.f5 Bc6 25.f6 gxf6 26.exf6 Nf5 27.Bg4 Nh6 28.Be2 Nf5 29.Bg4 Nh6
30.Rg7 Qe4 31.Qf4 Nxg4 32.hxg4 Rdf8 33.Qxe4 Bxe4 34.b4 Rh2 35.Rd2 Rxd2 36.Kxd2 Kc7
37.Rg5 d6 38.Rh5 Kc6 39.Ke2 Rg8 40.g5 b5 41.bxc5 dxc5 42.Rh4 Bg6 43.Kf3 Rd8
44.cxb5+ axb5 45.Rh1 Ra8 46.Bb2 Kd5 47.Rh4 Rg8 48.Bc1 e5 49.e4+ Kc4 50.Rh2 b4
51.axb4 cxb4 52.Bb2 Kd3 53.Bxe5 Bxe4+ 54.Kg4 Bg6 55.Rb2 Kc4 56.Rd2 Bd3 57.Ra2 Rc8
58.Ra7 Bg6 59.Rb7 Rc6 60.Rd7 Kb3 61.Ra7 Rc4+ 62.Kf3 Re4 63.Bf4 Re6 64.Re7 Rb6  1/2-1/2

[Event "Seeburg op 1st"]
[Site "Lucern"]
[Date "1999.10.12"]
[Round "7"]
[White "Farago, Ivan"]
[Black "Almada, Enrique"]
[Result "1/2-1/2"]
[WhiteElo "2512"]
[BlackElo "2323"]

1.d4 Nf6 2.c4 e6 3.Nf3 b6 4.a3 Bb7 5.Nc3 d5 6.cxd5 exd5 7.Qa4+ c6 8.Bg5 Be7
9.e3 O-O 10.Bd3 Nbd7 11.O-O Ne4 12.Bxe4 Bxg5 13.Bf5 Bh6 14.e4 Nf6 15.e5 g6
16.Bh3 Ne4 17.Qc2 c5 18.Rad1 Qe7 19.Rfe1 Rad8 20.g3 f6 21.exf6 Qxf6 22.Bg2  1/2-1/2

[Event "Wichern op 5th"]
[Site "Hamburg"]
[Date "1999.10.17"]
[Round "3"]
[White "Batyrow, Sapar"]
[Black "Lindberg, Bengt"]
[Result "1/2-1/2"]
[WhiteElo "2481"]
[BlackElo "2299"]

1.d4 Nf6 2.Nf3 e6 3.c4 b6 4.a3 Ba6 5.Qc2 Bb7 6.Nc3 c5 7.e4 cxd4 8.Nxd4 Bc5
9.Nb3 Nc6 10.Bg5 h6 11.Bh4 Nd4 12.Nxd4 Bxd4 13.Bd3 Qb8 14.Bg3 Be5 15.O-O-O O-O
16.Kb1 Rc8 17.Rhe1 a6 18.Bxe5 Qxe5 19.Qd2 d6 20.g4 b5 21.f4 Qc5 22.g5 hxg5
23.fxg5 Ng4 24.g6 fxg6 25.cxb5 axb5 26.Bxb5 Nf2 27.Rc1 Nxe4 28.Nxe4 Bxe4+
29.Rxe4 Qxb5 30.Rxc8+ Rxc8 31.Qxd6 Re8 32.Rb4 Qf1+ 33.Ka2 e5 34.Qxg6 Qf7+
35.Qxf7+ Kxf7 36.Re4 Kf6 37.b4 Kf5 38.Re1 e4 39.a4 e3 40.Kb3 Ke4 41.b5 Kd4
42.Kb4 Rh8 43.Rd1+ Ke4 44.a5 Rxh2 45.b6 Rb2+ 46.Kc5 e2 47.Ra1 Ra2 48.Re1 Rxa5+
49.Kc6 Ra6 50.Rxe2+ Kf3 51.Re5 Kf4 52.Ra5 Rxb6+ 53.Kxb6 g5 54.Ra8 g4 55.Kc5 g3
56.Kd4 g2 57.Rf8+ Kg3 58.Rg8+ Kf2 59.Rxg2+  1/2-1/2

[Event "Wichern op 5th"]
[Site "Hamburg"]
[Date "1999.10.18"]
[Round "5"]
[White "Eingorn, Vereslav S"]
[Black "Yemelin, Vasily"]
[Result "0-1"]
[WhiteElo "2589"]
[BlackElo "2500"]

1.d4 Nf6 2.Nf3 e6 3.c4 b6 4.a3 Ba6 5.e3 d5 6.Nbd2 Be7 7.cxd5 Bxf1 8.Nxf1 exd5
9.Ng3 O-O 10.O-O Re8 11.b4 Nbd7 12.Bb2 b5 13.a4 a6 14.axb5 axb5 15.Qe2 c6
16.Ne5 Rxa1 17.Rxa1 Qb6 18.Nf5 Qb7 19.Nxe7+ Rxe7 20.Qc2 Re6 21.Rc1 Nb8 22.Bc3 Nfd7
23.e4 dxe4 24.Qxe4 Nb6 25.Bd2 f6 26.Qg4 Qc8 27.Bh6 Re7 28.Qh4 Nd5 29.Ng4 gxh6
30.h3 Na6 31.Nxf6+ Nxf6 32.Qxf6 Re6 33.Qf4 Qf8 34.Qg3+ Rg6 35.Qb3+ Qf7 36.Qa3 Qd5
37.g3 Qxd4 38.Qb3+ Qd5 39.Qa3 Qd4 40.Re1 Nc7  0-1

[Event "Wichern op 5th"]
[Site "Hamburg"]
[Date "1999.10.19"]
[Round "6"]
[White "De Andres Gonalons, Fernando"]
[Black "Gaprindashvili, Valerian"]
[Result "0-1"]
[WhiteElo "2214"]
[BlackElo "2390"]

1.d4 Nf6 2.c4 e6 3.Nf3 b6 4.a3 Ba6 5.e3 d5 6.Nc3 Be7 7.Ne5 O-O 8.Bd3 dxc4
9.Nxc4 c5 10.dxc5 Qc7 11.Qe2 Bxc5 12.O-O Rd8 13.b3 Be7 14.Bb2 b5 15.Nd2 b4
16.Nb5 Qd7 17.Nd4 e5 18.axb4 exd4 19.exd4 Bb7 20.Nf3 a6 21.Bc3 Bxf3 22.Qxf3 Nc6
23.d5  0-1

[Event "Wch U18 Girls"]
[Site "Oropesa del Mar"]
[Date "1999.10.26"]
[Round "3"]
[White "Javakhishvili, Lela"]
[Black "Matnadze, Ana"]
[Result "0-1"]
[WhiteElo "2181"]
[BlackElo "2280"]

1.d4 Nf6 2.c4 e6 3.Nf3 b6 4.a3 Bb7 5.Nc3 g6 6.Qc2 Bg7 7.e4 O-O 8.Bg5 h6 9.Bh4 Qc8
10.Be2 d6 11.d5 Nh5 12.Nd2 Nf4 13.Nf3 exd5 14.cxd5 Ba6 15.O-O-O  0-1

[Event "Wch U16 Girls"]
[Site "Oropesa del Mar"]
[Date "1999.10.28"]
[Round "5"]
[White "Cmilyte, Viktorija"]
[Black "Maksutova, M."]
[Result "1/2-1/2"]
[WhiteElo "2354"]
[BlackElo "2059"]

1.d4 Nf6 2.c4 e6 3.Nf3 b6 4.a3 Bb7 5.Nc3 d5 6.Qc2 c5 7.dxc5 Bxc5 8.b4 Be7
9.e3 O-O 10.Bb2 Nbd7 11.cxd5 Nxd5 12.Bd3 h6 13.Nxd5 Bxd5 14.e4 Bb7 15.Rd1 Rc8
16.Qe2 Qc7 17.O-O Nf6 18.Rfe1 Rfd8 19.Nd4 a5 20.Nb5 Qf4 21.g3 Qb8 22.bxa5 bxa5
23.a4 Qa8 24.f3 Nh7 25.Bb1 Bc6 26.Rxd8+ Rxd8 27.Rc1 Bb4 28.Rd1 Ng5 29.h4 Nh7
30.Rxd8+ Qxd8 31.Qd3 Qxd3 32.Bxd3 Nf8 33.Kf2 Nd7 34.Bc2 Nb6 35.Bd4 Nd7 36.Ke2 e5
37.Be3 Kf8 38.Na7 Bb7 39.h5 Ke7 40.Bc1 Ba6+ 41.Bd3 Bxd3+ 42.Kxd3 Be1 43.g4  1/2-1/2

[Event "Chigorin mem"]
[Site "St Petersburg"]
[Date "1999.11.06"]
[Round "5"]
[White "Riazantsev, Alexander"]
[Black "Iljushin, Alexei"]
[Result "1/2-1/2"]
[WhiteElo "2417"]
[BlackElo "2527"]

1.d4 e6 2.Nf3 Nf6 3.c4 b6 4.a3 Bb7 5.Nc3 d5 6.Bg5 Be7 7.e3 Nbd7 8.Rc1 O-O
9.cxd5 exd5 10.Bd3 c5 11.O-O Ne4 12.Bxe7 Qxe7 13.dxc5 Ndxc5 14.b4 Ne6 15.Nb5 Rfd8
16.Nbd4 a5 17.Qb3 Nxd4 18.Nxd4 axb4 19.Qxb4  1/2-1/2

[Event "Chigorin mem"]
[Site "St Petersburg"]
[Date "1999.11.09"]
[Round "8"]
[White "Neverov, Valeriy"]
[Black "Shaposhnikov, Evgeny"]
[Result "1/2-1/2"]
[WhiteElo "2549"]
[BlackElo "2494"]

1.d4 Nf6 2.c4 e6 3.Nf3 b6 4.a3 Ba6 5.Qc2 Bb7 6.Nc3 c5 7.e4 cxd4 8.Nxd4 d6
9.Be2 Nbd7 10.O-O Be7 11.f4 O-O 12.f5 e5 13.Nb3 Rc8 14.Be3 a6 15.a4 a5 16.Kh1 Nc5
17.Nxc5 dxc5 18.g4 Nd7 19.Rad1 Bc6 20.Nb5 Bg5 21.Bf2 Qe7 22.Bf3 Rcd8 23.Nc3 Bh4
24.Be3 h6 25.Qb3 Rb8 26.Rd3 Rfc8 27.Bg2 Nf6 28.Qd1 Rd8 29.Rxd8+ Rxd8 30.Nd5 Bxd5
31.cxd5 Ne8 32.Qc2 Bg5 33.Bf2 Bh4 34.Bg1 Rd6 35.Qe2 Bg5 36.Rf3 Nc7 37.Rh3 Ne8
38.Bf2 Qd7 39.Ra3 Qd8 40.Qe1 Bf4 41.h4 g5 42.h5 Rd7 43.Bf1 Nd6 44.Kg2 Ra7
45.Kf3 Qc7 46.Rb3 Kg7 47.Bb5 Kf6 48.Bc6 Ke7 49.Qc3 f6 50.Ra3 Ra6 51.Qd3 Ra7
52.Ke2 Qc8 53.Kd1 Rc7 54.Bb5 Qb8 55.Qe2 Ra7 56.Kc2 Qc8 57.Kb1 Qb7 58.Ra2 Qc8
59.b3 Qb7 60.Bc6 Qa6 61.Bb5 Qc8 62.Bg1 Kd8 63.Bf2 Ke7  1/2-1/2

[Event "ESP-chT Div 1"]
[Site "Cala Galdana"]
[Date "1999.11.12"]
[Round "5"]
[White "Granero Roca, Antonio"]
[Black "Franco Ocampo, Zenon"]
[Result "1/2-1/2"]
[WhiteElo "2388"]
[BlackElo "2474"]

1.d4 Nf6 2.c4 e6 3.Nf3 b6 4.a3 c5 5.d5 Ba6 6.Qc2 exd5 7.cxd5 g6 8.Bf4 d6
9.Nc3 Bg7 10.Qa4+ Qd7 11.Bxd6 Qxa4 12.Nxa4 Nxd5 13.O-O-O Ne7 14.e4 Bxf1 15.Rhxf1 Nbc6
16.Nc3 Bxc3 17.bxc3 f6 18.e5 Nxe5 19.Rfe1 O-O-O 20.Nxe5 fxe5 21.Bxe5  1/2-1/2

[Event "ch-ESP (team) Div 2"]
[Site "Cala Galdana ESP"]
[Date "1999.11.14"]
[Round "7"]
[White "Fernandez Garcia,M"]
[Black "Pinero Fernandez,X"]
[Result "0-1"]
[WhiteElo "2156"]
[BlackElo "2162"]

1.d4 e6 2.c4 b6 3.Nf3 Nf6 4.a3 Bb7 5.Nc3 d5 6.cxd5 exd5 7.Bg5 Nbd7 8.e3 Be7
9.Qb3 O-O 10.Be2 Re8 11.O-O h6 12.Bxf6 Nxf6 13.Ne5 Nd7 14.Nxd7 Qxd7 15.Bf3 c6
16.Qa4 Red8 17.Rfd1 f5 18.Rac1 Bd6 19.g3 Qe7 20.Qc2 Rf8 21.Ne2 g5 22.g4 Qf6
23.gxf5 Qxf5 24.Qxf5 Rxf5 25.Bg4 Rf6 26.Ng3 Raf8 27.Rd2 Kh7 28.Kg2 c5 29.Nh5 R6f7
30.Rdc2 c4 31.Ng3 b5 32.Kg1 a5 33.Re2 Bxg3 34.hxg3 b4 35.axb4 axb4 36.Bh3 Ra8
37.Bf1 Ra2 38.Bg2 Rc7 39.Bf3 Kg6 40.Kf1 c3 41.bxc3 Ba6 42.c4 Bxc4 43.Re1 Bxe2+  0-1

[Event "ESP-chT Div 1"]
[Site "Cala Galdana"]
[Date "1999.11.14"]
[Round "7"]
[White "Granero Roca, Antonio"]
[Black "Gomez Esteban, Juan Mario"]
[Result "0-1"]
[WhiteElo "2388"]
[BlackElo "2476"]

1.d4 Nf6 2.c4 e6 3.Nf3 b6 4.a3 d5 5.Nc3 Be7 6.Bf4 O-O 7.e3 Bb7 8.Rc1 c5 9.cxd5 exd5
10.Bd3 Nc6 11.O-O g6 12.Re1 Rc8 13.Bf1 c4 14.g3 a6 15.Bh3 Ra8 16.Ne5 b5 17.Bg2 Nxe5
18.Bxe5 Ne4 19.Nxe4 dxe4 20.h4 Bd6 21.Bxd6 Qxd6 22.Qg4 f5 23.Qg5 Bd5 24.Bf1 Kg7
25.h5 Rac8 26.Be2 Qf6 27.Qxf6+ Kxf6 28.hxg6 hxg6 29.Kg2 Rh8 30.Rh1 g5 31.Rxh8 Rxh8
32.a4 f4 33.gxf4 gxf4 34.exf4 Kf5 35.axb5 axb5 36.Kg3 Rg8+ 37.Kh2 Kxf4 38.Rc3 Be6
39.Ra3 Rd8 40.Ra6 Bf5 41.Rb6 Rxd4 42.Rxb5 Rd2 43.Bxc4 e3 44.Rb8 Rxf2+ 45.Kg1 Rc2
46.b3 Rc1+ 47.Kh2 Rxc4 48.bxc4 e2 49.Re8 Be4 50.Rf8+ Ke3  0-1

[Event "ch-ESP (team) Div 2"]
[Site "Cala Galdana ESP"]
[Date "1999.11.16"]
[Round "9"]
[White "Rodriguez,Or"]
[Black "Rogers,I"]
[Result "1/2-1/2"]
[WhiteElo "2483"]
[BlackElo "2574"]

1.d4 Nf6 2.c4 e6 3.Nf3 b6 4.a3 Bb7 5.Nc3 Ne4 6.Nxe4 Bxe4 7.Bf4 d6 8.e3 Nd7
9.Bd3 Bxd3 10.Qxd3 Be7 11.e4 O-O 12.O-O c6 13.Rfd1 Qc7 14.Rac1 Qb7 15.b4 Rfd8
16.d5 e5 17.Be3 h6 18.dxc6 Qxc6 19.Nd2 Nf6 20.f3 a6 21.Nb1 b5 22.cxb5 Qxb5
23.Nc3 Qxd3 24.Rxd3 Rdc8 25.Rb1 Kf8 26.Kf1 Ke8 27.Ke2 Rc4 28.a4 Kd7 29.b5 axb5
30.axb5 Kc8 31.Rb2 Kb7 32.b6 Kc6  1/2-1/2

[Event "World Seniors"]
[Site "Gladenbach GER"]
[Date "1999.11.19"]
[Round "10"]
[White "Kleiner,B"]
[Black "Chepukaitis,G"]
[Result "0-1"]
[WhiteElo "2244"]
[BlackElo "2396"]

1.d4 Nf6 2.Nf3 e6 3.c4 b6 4.a3 Bb7 5.Nc3 Be7 6.d5 O-O 7.e4 d6 8.Be2 Re8 9.O-O Nbd7
10.b4 Nf8 11.h3 Ng6 12.Be3 Nd7 13.Nd4 Bf6 14.Qd2 a6 15.Rac1 Be5 16.Nf3 Bf6
17.Rfe1 Qe7 18.Bf1 h6 19.Bd4 Nge5 20.Nxe5 Nxe5 21.Rcd1 g5 22.Be2 Bg7 23.Rf1 Rf8
24.Be3 Ng6 25.c5 dxc5 26.bxc5 Nf4 27.Bxf4 gxf4 28.c6 Bc8 29.a4 Be5 30.Bf3 Qg5
31.Kh2 Rd8 32.Qc2 Rd6 33.Rd3 Kg7 34.Rfd1 Rb8 35.Kh1 Qf6 36.Qb3 Qg6 37.Qc4 Qg5
38.Qb3 Rd8 39.d6 Rxd6 40.Rxd6 cxd6 41.Qc4 Qe7 42.Rc1 Qa7 43.Kg1 b5 44.axb5 axb5
45.Nxb5 Qa5 46.Be2 f3 47.c7 Rxb5  0-1

[Event "Masters"]
[Site "Kilkenny IRL"]
[Date "1999.11.27"]
[Round "4"]
[White "Short,P"]
[Black "Brady,S"]
[Result "0-1"]
[WhiteElo "2295"]
[BlackElo "2310"]

1.d4 Nf6 2.Nf3 e6 3.c4 b6 4.a3 Ba6 5.Qc2 Bb7 6.Nc3 c5 7.dxc5 Bxc5 8.e3 O-O
9.Bd3 Nc6 10.O-O Rc8 11.e4 Qc7 12.b4 Be7 13.Nb5 Qb8 14.Bb2 h6 15.Qe2 d6 16.Rfd1 a6
17.Nxd6 Bxd6 18.e5 Nxe5 19.Nxe5 Qc7 20.Rac1 a5 21.bxa5 bxa5 22.Bb1 Rfd8 23.h3 Bc5
24.Rxd8+ Rxd8 25.Rd1 Kf8 26.Rxd8+ Qxd8 27.Ng4 Nxg4 28.Qxg4 Qg5 29.Qxg5 hxg5
30.Kf1 f5 31.Bc3 Bxa3 32.Bxa5 Bc5 33.Bc3 Kf7 34.Be5 Bc6 35.Bd3 Be7 36.f3 Bf6
37.Bc7 Bd4 38.Ke2 Kf6 39.g4  0-1

[Event "Eu Team Ch (women)"]
[Site "Batumi GEO"]
[Date "1999.12.04"]
[Round "5"]
[White "Cmilyte,V"]
[Black "Kachiani,K"]
[Result "1-0"]
[WhiteElo "2354"]
[BlackElo "2427"]

1.d4 Nf6 2.c4 e6 3.Nf3 b6 4.a3 c5 5.d5 Ba6 6.Qa4 exd5 7.cxd5 b5 8.Qc2 Bd6
9.Bg5 h6 10.Bxf6 Qxf6 11.e4 O-O 12.Be2 Be5 13.Nxe5 Qxe5 14.O-O d6 15.Nc3 c4
16.f4 Qd4+ 17.Kh1 Nd7 18.Rad1 Qc5 19.Bg4 Nf6 20.Bf3 Rfe8 21.Rfe1 Re7 22.Re2 Rae8
23.Rde1 Bb7 24.b4 cxb3 25.Qxb3 Rc8 26.Nxb5 Nxd5 27.exd5 Bxd5 28.Qb2 Rxe2
29.Bxe2 Qf2 30.Rg1 Re8 31.Nd4 Re3 32.Nf5  1-0

[Event "Open"]
[Site "Las Palmas ESP"]
[Date "1999.12.04"]
[Round "4"]
[White "Hernando Rodrigo,Jo"]
[Black "Pogorelov,R"]
[Result "1-0"]
[WhiteElo "2357"]
[BlackElo "2489"]

1.d4 Nf6 2.c4 e6 3.Nf3 b6 4.a3 c5 5.d5 Ba6 6.Qc2 exd5 7.cxd5 d6 8.Nc3 g6
9.g3 Bg7 10.Bg2 O-O 11.O-O Re8 12.Rd1 b5 13.b4 Nbd7 14.bxc5 Nxc5 15.Nd4 Qd7
16.Rb1 Rac8 17.Nc6 Nxd5 18.Nxd5 Rxc6 19.Nb4 Rcc8 20.Nxa6 Nxa6 21.Qd3 Nc5
22.Qxb5 Qxb5 23.Rxb5 Na4 24.Bd2 Nb2 25.Rc1 h5 26.Bd5 Rxc1+ 27.Bxc1 Rxe2 28.Be3 Nd1
29.Bxa7 Re7 30.Rb8+ Kh7 31.Rb7 Rxb7 32.Bxb7 Nc3 33.Bc6 Bd4 34.Bb8 Bc5 35.a4 Nd1
36.a5 Nxf2 37.a6 Nd3+ 38.Kg2 Nb4 39.Bb7 Nxa6 40.Bxa6 Kg7 41.Kf3 Kf6 42.Bc4 Ke7
43.Bc7 f5 44.Ba5 Bd4 45.Bd2 Kf6 46.Bf4 g5 47.Bxd6 h4 48.Bc7 hxg3 49.hxg3 Be5
50.Bd8+ Kg6 51.Bd3 g4+ 52.Kf2 Bd6 53.Bh4 Bc5+ 54.Ke2 Bd4 55.Bc2 Bg7 56.Ke3 Bh6+
57.Kd4 Bg7+ 58.Kd5 Bc3 59.Ke6 Be1 60.Bxf5+ Kh5  1-0

[Event "Open"]
[Site "Las Palmas ESP"]
[Date "1999.12.04"]
[Round "4"]
[White "Barlov,D"]
[Black "Roeder,M"]
[Result "0-1"]
[WhiteElo "2485"]
[BlackElo "2426"]

1.d4 Nf6 2.Nf3 e6 3.c4 b6 4.a3 Ba6 5.Qb3 g6 6.Nc3 Bg7 7.e4 O-O 8.Be2 c5 9.d5 d6
10.O-O Nbd7 11.dxe6 fxe6 12.e5 dxe5 13.Ng5 Qe7 14.Bf3 e4 15.Ncxe4 Ne5 16.Nxf6+ Bxf6
17.Bxa8 Bxc4 18.Qg3 Bxf1 19.Be4 Bd3 20.Bxd3 Nxd3 21.Qxd3 Bxg5 22.Bxg5 Qxg5
23.Rd1 Qf6 24.Qe2 e5 25.f3 Kg7 26.Rd3 Re8 27.g3 Re7 28.Re3 e4 29.Rxe4 Qd4+
30.Rxd4 Rxe2 31.Rd7+ Kf6 32.b3 Re3 33.Kf2 Rxb3 34.Rxa7 Rb2+ 35.Ke3 Rxh2 36.a4 Ke5
37.Rb7 Ra2 38.Rxb6 Ra3+ 39.Ke2 Rxa4 40.Rb7 h5 41.Rg7 Ra6 42.Kd3 Kd5 43.Rd7+ Rd6
44.Rc7 Re6 45.f4 Ra6 46.Rd7+ Ke6 47.Rc7 Kd6 48.Rf7 Ke6 49.Rc7 Kd5 50.Rd7+ Kc6
51.Rf7 Kb5 52.Rb7+ Rb6 53.Rf7 Kb4 54.Kc2 Ra6 55.f5 gxf5 56.Rxf5 Ra2+ 57.Kd3 c4+
58.Ke3 Rh2  0-1

[Event "Eu Team Ch (women)"]
[Site "Batumi GEO"]
[Date "1999.12.05"]
[Round "6"]
[White "Cmilyte,V"]
[Black "Hunt,H"]
[Result "0-1"]
[WhiteElo "2354"]
[BlackElo "2420"]

1.d4 Nf6 2.c4 e6 3.Nf3 b6 4.a3 Ba6 5.Qc2 Bb7 6.Nc3 c5 7.e4 cxd4 8.Nxd4 Nc6
9.Nxc6 Bxc6 10.Bd3 Qb8 11.Qe2 Bd6 12.Bd2 Bf4 13.O-O-O Bxd2+ 14.Qxd2 Qc7 15.f4 e5
16.Rhf1 O-O-O 17.fxe5 Qxe5 18.Rf5 Qxh2 19.Qg5 Rhg8 20.c5 Kb7 21.Bc4 h6 22.Qd2 Rgf8
23.e5 Ng4 24.Nb5 d5 25.exd6 Qxg2 26.Qxg2 Bxg2 27.Re1 bxc5 28.Re7+ Kb6 29.Nc3 Bc6
30.b4 cxb4 31.axb4 Rxd6 32.b5 Bd7 33.Rfxf7 Rxf7 34.Bxf7 g5 35.Kb2 Bxb5 36.Rxa7 Rd2+
37.Kc1 Rf2 38.Re7 Bc6 39.Bb3 Kc5 40.Bd1 Nf6 41.Rg7 Ne4 42.Ne2 Rf1 43.Ra7 Nf2
44.Nc3 Nxd1  0-1

[Event "Eu Team Ch"]
[Site "Batumi GEO"]
[Date "1999.12.05"]
[Round "7"]
[White "Bagirov,R"]
[Black "Palac,M"]
[Result "0-1"]
[WhiteElo "2471"]
[BlackElo "2610"]

1.d4 Nf6 2.c4 e6 3.Nf3 b6 4.a3 Bb7 5.Nc3 d5 6.cxd5 Nxd5 7.Bd2 Nd7 8.Qc2 c5
9.e4 Nxc3 10.Bxc3 cxd4 11.Nxd4 a6 12.Rd1 Qc7 13.Be2 Be7 14.O-O O-O 15.f4 Rac8
16.Kh1 Nc5 17.e5 Be4 18.Qd2 Qb7 19.Bg4 Rfd8 20.Qe2 g6 21.Bb4 Rc7 22.Rfe1 Bd5
23.Bf3 Rcd7 24.Bxd5 Rxd5 25.Bc3 Na4 26.Qg4 Qd7 27.Rd3 Bc5 28.Red1 Bxa3 29.Rh3 Bxb2
30.Qh4 f5 31.Bb4 Nc5 32.Qh6 Rxd4 33.Rxd4 Bxd4  0-1

[Event "Eu Team Ch"]
[Site "Batumi GEO"]
[Date "1999.12.06"]
[Round "7"]
[White "Bagirov,R"]
[Black "Palac,M"]
[Result "0-1"]
[WhiteElo "2471"]
[BlackElo "2610"]

1.d4 Nf6 2.c4 e6 3.Nf3 b6 4.a3 Bb7 5.Nc3 d5 6.cxd5 Nxd5 7.Bd2 Nd7 8.Qc2 c5
9.e4 Nxc3 10.Bxc3 cxd4 11.Nxd4 a6 12.Rd1 Qc7 13.Be2 Be7 14.O-O O-O 15.f4 Rac8
16.Kh1 Nc5 17.e5 Be4 18.Qd2 Qb7 19.Bg4 Rfd8 20.Qe2 g6 21.Bb4 Rc7 22.Rfe1 Bd5
23.Bf3 Rcd7 24.Bxd5 Rxd5 25.Bc3 Na4 26.Qg4 Qd7 27.Rd3 Bc5 28.Red1 Bxa3 29.Rh3 Bxb2
30.Qh4 f5 31.Bb4 Nc5 32.Qh6 Rxd4 33.Rxd4 Qxd4  0-1